Návrh metodiky na znižovanie zákazníckych reklamácií vo výrobnom procese vo firme Viena International Martin

Gespeichert in:
Bibliographische Detailangaben
1. Verfasser: Jalč, Rastislav (Verfasst von)
Weitere Verfasser: Nováková, Renata (Betreuung Doktorarbeit)
Format: Manuskript Buch
Sprache:Slowakisch
Veröffentlicht: 2018
Schlagworte:
Online-Zugang:http://is.stuba.sk/zp/portal_zp.pl?podrobnosti=138485
Tags: Tag hinzufügen
Keine Tags, Fügen Sie das erste Tag hinzu!

MARC

LEADER 00000ntm a22000003a 4500
001 stuzp68644
003 SK-STU
005 20180820160533.6
007 ta
008 150427s2015----xo-----f-mn---000-0-slo-d
040 |a STU  |b slo 
041 0 |a slo 
100 1 |a Jalč, Rastislav  |u 064000  |4 aut  |U MTF Materiálovotechnologická fakulta  |T MTF Ústav priemyselného inžinierstva a manažmentu  |X 71820  |U M4000  |Y 84  |7 71820 
242 0 1 |a The proposal of methodology to reduce customer complaints in the production process in the company Viena International Martin  |y eng 
245 1 0 |a Návrh metodiky na znižovanie zákazníckych reklamácií vo výrobnom procese vo firme Viena International Martin 
260 |c 2018 
650 4 |a kvalita  |2 slo 
650 4 |a zákaznícke reklamácie  |2 slo 
650 4 |a 8D report  |2 slo 
650 4 |a Paretova analýza  |2 slo 
650 4 |a krúžky kvality  |2 slo 
650 4 |a quality  |2 eng 
650 4 |a customer complaints  |2 eng 
650 4 |a 8D report  |2 eng 
650 4 |a Pareto analysis  |2 eng 
650 4 |a quality circles  |2 eng 
700 1 |a Nováková, Renata  |u 064000  |k Z1  |4 ths  |U MTF Materiálovotechnologická fakulta  |T MTF Ústav priemyselného inžinierstva a manažmentu  |X 1481  |U M4000  |Y 84  |7 A000001481 
856 4 |u http://is.stuba.sk/zp/portal_zp.pl?podrobnosti=138485 
996 |c M* DP-13741  |l MMSKP  |s P  |a 0  |w stuzp68644_0001